000
00217nam a2200097Ia 4500
008
190216s9999||||xx |||||||||||||| ||und||
100
_a
Sundaram K P M
245
0
_a
Indian Economy Analysis
260
_b
Null
942
_c
BK
999
_c
9255
_d
9255